banner-ar

ديوان ابن زيدون و رسائلة / (Record no. 43315)

MARC details
000 -الفاتح
حقل البيانات ثابتة الطول 00619nam a2200145Ia 4500
008 - عناصر البيانات ثابتة الطول - معلومات عامة
حقل البيانات ثابتة الطول 140319s9999 xx 000 0 ara d
040 ## - مصدر الفهرسة
وكالة الفهرسة الأصلية GCL /
وكالة النسخ GCL
082 04 - رقم تصنيف ديوى العشرى
رقم التصنيف 811.6
رقم المادة ا د
100 1# - المدخل الرئيسى - إسم شخصى
الإسم الشخصى ابن زيدون : ابوالوليد احمد بن عبدالله بن احمد بن غالب المخزومى القرطبى
245 10 - بيان العنوان
العنوان ديوان ابن زيدون و رسائلة /
بيان المسئوليه,etc ابن زيدون : ابوالوليد احمد بن عبدالله بن احمد بن غالب المخزومى القرطبى
700 1# - المدخل الاضافى - اسم شخصى
الإسم الشخصى على عبدالعظيم (شرح)
300 ## - الوصف المادى
التعداد 809
490 ## - بيان السلسلة
عنوان السلسلة 100 قصة
رقم المجلد/ التعيين التسلسلي 0
Holdings
حالة التراجع حالة الفقد حالة تلف ليس للاعارة المكان المؤقت الموقع الحالى تاريخ الاكتساب اجمالي اﻻعارات رقم الطلب الباركود تاريخ اخر مشاهدة تاريخ تفعيل السعر نوع وعاء كوها
        مكتبة القاهرة الكبرى مكتبة القاهرة الكبرى 03/26/2014   811.6\ا د 104785 03/26/2014 03/26/2014 كتاب
        مكتبة القاهرة الكبرى مكتبة القاهرة الكبرى 03/26/2014   811.6\ا د 104786 03/26/2014 03/26/2014 كتاب
        مكتبة القاهرة الكبرى مكتبة القاهرة الكبرى 03/26/2014   811.6\ا د 104787 03/26/2014 03/26/2014 كتاب

Powered By

EGPV